000 00477nam a2200181Ia 4500
005 20250325063954.0
008 240331s9999 xx 000 0 und d
020 _a0415904315
082 _a302.234
_bMIN
_23891
100 _aMinh-Ha, T. T
245 0 _aWhen the Moon Waxes Red:
_bRepresentation, Gender and Cultural Politics
260 _aLondon;
_aNew York,
_bRoutledge
_c1991
300 _ax, 252 p.,
650 _aGender
650 _aWomen
650 _aFilm
942 _cL
999 _c1175
_d1175